| 000 | 00608nam a2200181 a 4500 | ||
|---|---|---|---|
| 001 | 000039888 | ||
| 003 | Ost | ||
| 005 | 20260321073643.0 | ||
| 008 | 130726s2013 ec 000 0 spa d | ||
| 020 | _a9789942074119 | ||
| 040 |
_aDO-SdBNP _bspa _cBNPHU |
||
| 100 | 1 |
_a Bosch, Juan, _d1909-2001 _976555 |
|
| 245 | 1 | 0 |
_aMiradas sobre nuestra América / _cJuan Bosch ; compilación y estudio introductorio de Jorge Núñez Sánchez. |
| 260 |
_aQuito, Ecuador : _bMinisterio de cultura del Ecuador, _c2013. |
||
| 300 |
_a250 p. ; _c23 cm. |
||
| 700 | 1 |
_aNúñez Sánchez, Jorge, _ecomp. _913245 |
|
| 942 |
_2ddc _cLBS1 |
||
| 999 |
_c39378 _d39378 |
||